[Event "XXV OOM - Mistrzostwa Polski Juniorow Mlodszych - Chlopcy do lat 12"]
[Site "Sielpia"]
[Date "1899-12-30"]
[Round "8.14"]
[White "Klim, Filip"]
[Black "Nowak, Filip"]
[Result "1-0"]
[WhiteTitle "I"]
[BlackTitle "I"]
[WhiteElo "1543"]
[BlackElo "1591"]

1. e4 c5 2. Nf3 e6 3. d4 cxd4 4. Nxd4 Nf6 5. Nc3 d6 6. f4 a6 7. Be2 Be7 8. O-O
O-O 9. Qe1 Qc7 10. Qg3 b5 11. a3 Bb7 12. Bf3 d5 13. exd5 Bc5 14. Be3 exd5 15.
Kh1 Re8 16. Nf5 g6 17. Bxc5 Qxc5 18. Qg5 Nbd7 19. Rad1 Rad8 20. Bxd5 Bxd5 21.
Nxd5 Nxd5 22. Rxd5 Qxc2 23. Nd6 f6 24. Qg4 Re7 25. Nf5 Re2 26. Nd4 Qe4 27. Rxd7
Rxd7 28. Nxe2 f5 29. Qf3 Qc2 30. Qc3 Rd2 31. Qxc2 Rxc2 32. Nc3 Rxb2 33. Rb1 Rc2
34. Nd1 Ra2 35. Rb3 Rd2 36. Ne3 Kf7 37. Kg1 Ke6 38. Rc3 Kd6 39. Kf1 Rd4 40. g3
b4 41. axb4 Rxb4 42. Ke2 a5 43. Kd3 a4 44. Nc2 Rb1 45. Kc4 Rh1 46. Rd3+ Ke6 47.
Rd2 Rb1 48. Nd4+ Kf6 49. Ra2 a3 50. Rxa3 Rb2 51. Nf3 h6 52. Ra6+ Kg7 53. Kd3 g5
54. Ke3 g4 55. Nd4 Rxh2 56. Nxf5+ Kh7 57. Rxh6+ Rxh6 58. Nxh6 Kxh6 59. Ke4 Kg6
1-0

[Event "XXV OOM - Mistrzostwa Polski Juniorow Mlodszych - Chlopcy do lat 12"]
[Site "Sielpia"]
[Date "1899-12-30"]
[Round "8.15"]
[White "Grzadka, Artur"]
[Black "Wierzbicki, Dawid"]
[Result "1-0"]
[WhiteTitle "I"]
[BlackTitle "I"]
[WhiteElo "1585"]
[BlackElo "1500"]

1. c4 e5 2. g3 Nc6 3. Bg2 g6 4. Nc3 Bg7 5. d3 d6 6. Rb1 Be6 7. b4 Qd7 8. b5 Nd8
9. Bd2 c6 10. a4 a5 11. Nf3 Bh3 12. O-O h5 13. bxc6 bxc6 14. Bxh3 Qxh3 15. Ne4
Qd7 16. c5 dxc5 17. Nxc5 Qc7 18. Be3 Ne7 19. Ne4 Nd5 20. Bc5 Nb7 21. Rxb7 1-0

[Event "XXV OOM - Mistrzostwa Polski Juniorow Mlodszych - Chlopcy do lat 12"]
[Site "Sielpia"]
[Date "1899-12-30"]
[Round "8.16"]
[White "Wiszniewski, Szymon"]
[Black "Miler, Franciszek"]
[Result "1-0"]
[WhiteTitle "II+"]
[BlackTitle "II"]
[WhiteElo "1445"]
[BlackElo "1431"]

1. e4 c5 2. Nf3 d6 3. d4 cxd4 4. Nxd4 Nf6 5. Nc3 g6 6. Be3 Bg7 7. f3 O-O 8. Qd2
Nc6 9. O-O-O d5 10. Nxc6 bxc6 11. Bh6 Qa5 12. Bxg7 Kxg7 13. h4 h5 14. e5 Nd7 15.
g4 hxg4 16. h5 Rh8 17. Qg5 d4 18. hxg6 Qxe5 19. Qxe5+ Nxe5 20. Rxh8 Kxh8 21. gxf7
Nxf7 22. Rxd4 gxf3 23. Rf4 Ng5 24. Ne4 Nxe4 25. Rxe4 e6 26. Rf4 Kg7 27. Rxf3 Bd7
28. Rd3 Be8 29. Rd6 Kf7 30. Bc4 Ke7 31. Rxe6+ Kd7 32. Rh6 Kc7 33. Bd3 Bd7 34.
Rh7 Rf8 35. Kd2 Kd6 36. c4 Rb8 37. Kc3 c5 38. Rh6+ Kc7 39. Ra6 Kb7 40. Rd6 Bc6
41. Rf6 a5 42. Re6 Rc8 43. Be4 Bxe4 44. Rxe4 Rc6 45. Re7+ Kb6 46. Kb3 Rh6 47.
a3 Rg6 48. Ka4 Rc6 49. Re8 Rh6 50. Rb8+ Kc7 51. Rb5 Rh4 52. Rxc5+ 1-0

[Event "XXV OOM - Mistrzostwa Polski Juniorow Mlodszych - Chlopcy do lat 12"]
[Site "Sielpia"]
[Date "1899-12-30"]
[Round "8.17"]
[White "Borowik, Wojciech"]
[Black "Sniadecki, Oskar"]
[Result "1-0"]
[WhiteTitle "I"]
[BlackTitle "II"]
[WhiteElo "1556"]
[BlackElo "1345"]

1. d4 Nf6 2. c4 e5 3. dxe5 Ng4 4. Bf4 Nc6 5. Nf3 Bb4+ 6. Nbd2 Qe7 7. e3 Ngxe5 8.
Nxe5 Nxe5 9. a3 Bxd2+ 10. Qxd2 d6 11. Be2 O-O 12. O-O Qf6 13. Bg3 h5 14. h3 h4
15. Bh2 Qg6 16. Kh1 Be6 17. Rac1 Rad8 18. f4 Nc6 19. Bd3 Bf5 20. e4 Bd7 21. f5
Qh7 22. f6 Ne5 23. fxg7 Qxg7 24. Bf4 Nxd3 25. Qxd3 Qg6 26. Rf2 Bc6 27. Rcf1 Bxe4
28. Qc3 Qg7 29. Qxg7+ Kxg7 30. Bg5 Rde8 31. Bf6+ Kg8 32. Rf4 Re6 33. Rxh4 Bh7
34. Rff4 Rxf6 35. Rxf6 Kg7 36. Rf2 f5 37. g4 f4 38. g5 Kg6 39. Rhxf4 Rxf4 40.
Rxf4 Kxg5 41. Rf7 Bd3 42. Rxc7 a5 43. Kh2 Be4 44. Rd7 1-0

[Event "XXV OOM - Mistrzostwa Polski Juniorow Mlodszych - Chlopcy do lat 12"]
[Site "Sielpia"]
[Date "1899-12-30"]
[Round "8.18"]
[White "Kozera, Dawid"]
[Black "Jarocki, Gabriel"]
[Result "0-1"]
[WhiteTitle "II"]
[BlackTitle "II"]
[WhiteElo "1280"]
[BlackElo "1434"]

1. e4 c6 2. d4 d5 3. exd5 cxd5 4. Bd3 Nc6 5. c3 Nf6 6. Bf4 e6 7. Nf3 Bd6 8. Bxd6
Qxd6 9. O-O b6 10. Nbd2 O-O 11. Re1 Bb7 12. Ne5 Nd7 13. Ndf3 f6 14. Nxd7 Qxd7
15. Qc2 f5 16. Ne5 Nxe5 17. Rxe5 Rf6 18. Rae1 Raf8 19. Qe2 Bc8 20. h3 Qf7 21.
Qf3 g5 22. Qg3 Qg7 23. Be2 Qg6 24. Bd1 R8f7 25. Ba4 Rg7 26. Bc6 f4 27. Qg4 h5
28. Qd1 Kh7 29. Bb5 Kg8 30. Bd3 Qf7 31. Be2 Rh6 32. Bf3 Bd7 33. Qe2 Qg6 34. Qd1
g4 35. hxg4 hxg4 36. Bxd5 Rgh7 37. g3 exd5 38. Kf1 Bb5+ 0-1

[Event "XXV OOM - Mistrzostwa Polski Juniorow Mlodszych - Chlopcy do lat 12"]
[Site "Sielpia"]
[Date "1899-12-30"]
[Round "8.19"]
[White "Wolski, Michal"]
[Black "Jaskiewicz, Kacper"]
[Result "1/2-1/2"]
[WhiteTitle "II"]
[BlackTitle "II"]
[WhiteElo "1448"]
[BlackElo "1372"]

1. e4 c5 2. Nf3 Nc6 3. d4 cxd4 4. Nxd4 Nf6 5. Nxc6 bxc6 6. Nc3 e5 7. Bd3 Bb4 8.
Bd2 O-O 9. O-O d5 10. exd5 Nxd5 11. Nxd5 Bxd2 12. Nf6+ Qxf6 13. Qxd2 Kh8 14. Qe3
Bf5 15. Be4 Rfe8 16. Rad1 Qe6 17. Bxf5 Qxf5 18. Qc5 Qe6 19. b3 Rec8 20. Rd6 Qe7
21. Rfd1 Qe8 22. h3 Rc7 23. Qa5 Rac8 24. Qxc7 Rxc7 25. Rd8 Rc8 26. Rxe8+ Rxe8
27. Rd7 f6 28. Rc7 Kg8 29. Rxc6 Re7 30. Kf1 Kf7 31. Ke2 Rd7 32. Ra6 Ke7 33. c4
Kd8 34. a3 Kc7 35. c5 Kb8 36. b4 Rd4 37. Ke3 Rd1 38. a4 Rd4 39. b5 Rc4 40. c6
Rc5 41. Ke4 g6 42. g3 f5+ 43. Ke3 Rc3+ 44. Kd2 Rc5 1/2-1/2

[Event "XXV OOM - Mistrzostwa Polski Juniorow Mlodszych - Chlopcy do lat 12"]
[Site "Sielpia"]
[Date "1899-12-30"]
[Round "8.20"]
[White "Ptaszynski, Szymon"]
[Black "Maslanka, Wojciech"]
[Result "1/2-1/2"]
[WhiteTitle "II"]
[BlackTitle "I"]
[WhiteElo "1444"]
[BlackElo "1541"]

1. c4 f5 2. g3 e6 3. Bg2 Nf6 4. Nc3 c6 5. e3 d5 6. cxd5 cxd5 7. d4 Bd6 8. Nge2
O-O 9. O-O Bd7 10. h3 Ne4 11. f4 Bc6 12. Kh2 Nd7 13. Nxe4 fxe4 14. Nc3 Rc8 15.
a3 Nb6 16. b3 Qe8 17. Bb2 Bb5 18. Nxb5 Qxb5 19. a4 Qe8 20. Qe2 Rf7 21. Rac1 Rfc7
22. Qd2 Rxc1 23. Rxc1 Rxc1 24. Qxc1 Qc8 25. Qxc8+ Nxc8 26. Bf1 a6 27. Kg2 Ne7
28. g4 Kf7 29. Bc3 Nc6 30. Be2 Ke7 31. h4 Kd7 32. Kf2 Kc7 33. Ke1 Be7 34. h5 Bh4+
35. Kd2 Bf2 36. Bf1 Kd7 37. Bh3 h6 38. Ke2 Bh4 39. Kd2 Be7 40. Bf1 Kc7 41. Bh3
1/2-1/2

[Event "XXV OOM - Mistrzostwa Polski Juniorow Mlodszych - Chlopcy do lat 12"]
[Site "Sielpia"]
[Date "1899-12-30"]
[Round "8.21"]
[White "Zieba, Hubert"]
[Black "Sukiennik, Oliwier"]
[Result "1-0"]
[WhiteTitle "I"]
[BlackTitle "II+"]
[WhiteElo "1419"]
[BlackElo "1466"]

1. c4 Nf6 2. Nf3 g6 3. g3 Bg7 4. Bg2 O-O 5. O-O d6 6. Nc3 e5 7. d4 exd4 8. Nxd4
a6 9. b3 c5 10. Nc2 Nc6 11. Bb2 Qc7 12. Qd2 Rb8 13. Rad1 Rd8 14. Ne3 Be6 15. Ncd5
Nxd5 16. cxd5 Nd4 17. dxe6 fxe6 18. Rc1 Qe7 19. Ba1 b5 20. Nc2 e5 21. Nxd4 exd4
22. e4 Qa7 23. f4 Rbc8 24. f5 Be5 25. fxg6 hxg6 26. Bh3 Rc7 27. Qh6 Rh7 28. Be6+
1-0

[Event "XXV OOM - Mistrzostwa Polski Juniorow Mlodszych - Chlopcy do lat 12"]
[Site "Sielpia"]
[Date "1899-12-30"]
[Round "8.22"]
[White "Merecki, Antoni"]
[Black "Krol, Jan"]
[Result "0-1"]
[WhiteTitle "II"]
[BlackTitle "II+"]
[WhiteElo "1177"]
[BlackElo "1405"]

1. e4 c5 2. d4 cxd4 3. c3 dxc3 4. Nxc3 e6 5. Nf3 a6 6. Bc4 b5 7. Bb3 Bb7 8. O-O
b4 9. Nd5 Be7 10. Bf4 Nf6 11. Nc7+ Kf8 12. Nxa8 Bxa8 13. Rc1 Bxe4 14. Qe2 Bxf3
15. Qxf3 Nc6 16. Rfd1 Qb6 17. Be3 Qc7 18. Ba4 Nd5 19. Bc5 a5 20. Qd3 Qb7 21. Bxc6
dxc6 22. Bxe7+ Kxe7 23. Qc4 Rc8 24. Qh4+ Nf6 25. Qg5 a4 26. Qxg7 c5 27. Qg5 Qb6
28. Rc4 Qb7 29. Rxc5 Rg8 30. Qxg8 Nxg8 31. Rdc1 Kd6 32. Ra5 a3 33. bxa3 bxa3 34.
Rxa3 Qb2 35. Rd3+ Ke5 36. Re1+ Kf6 37. Rf3+ Ke7 38. h3 Qxa2 39. Rd3 Nf6 40. Rde3
Qd5 41. Re5 Qd4 42. Ra5 Ne4 43. Ra2 h5 44. Rae2 Ng5 45. Re3 f5 46. R3e2 h4 47.
Re3 f4 48. Re5 Kf6 49. R5e2 f3 50. Re3 fxg2 51. Kxg2 e5 52. Ra3 Qd5+ 53. f3 Qd2+
54. Kf1 Nxh3 55. Re2 Qc1+ 56. Kg2 Qg1+ 57. Kxh3 Qg3# 0-1

[Event "XXV OOM - Mistrzostwa Polski Juniorow Mlodszych - Chlopcy do lat 12"]
[Site "Sielpia"]
[Date "1899-12-30"]
[Round "8.23"]
[White "Skrzypinski, Jan"]
[Black "Kolendo, Kajetan"]
[Result "0-1"]
[WhiteTitle "II+"]
[BlackTitle "II"]
[WhiteElo "1365"]
[BlackElo "1197"]

1. e4 e6 2. Qe2 c5 3. Nf3 g6 4. g3 Bg7 5. Bg2 Ne7 6. O-O O-O 7. c3 Nbc6 8. Rd1
d6 9. d4 cxd4 10. cxd4 b6 11. Nc3 Bb7 12. Bf4 a6 13. d5 Ne5 14. Nxe5 dxe5 15.
dxe6 Qc7 16. exf7+ Rxf7 17. Be3 Raf8 18. Bh3 Rf6 19. Rd7 Qc8 20. Rxe7 Qxh3 21.
Rxb7 Bh6 22. Nd5 Rf3 23. Ne7+ Kh8 24. Nf5 Bxe3 25. fxe3 Qg4 26. Rf1 Rxf1+ 27.
Kxf1 Qxe4 28. Ke1 Qxb7 29. Nd6 Qh1+ 30. Kd2 Qd5+ 31. Qd3 Qxd3+ 32. Kxd3 Rd8 33.
Ke4 Rxd6 34. Kxe5 Rd2 35. e4 Kg7 36. Ke6 Re2 37. e5 Kf8 38. Kd6 Ke8 39. a3 Rxh2
40. b4 Ra2 41. Kc6 b5 42. Kb7 Rxa3 43. Kb6 Ke7 44. Kb7 Ke6 45. Kb6 Kxe5 46. Kc5
Ke4 47. Kb6 Kd4 48. Kc6 Rxg3 49. Kb6 Kc4 50. Ka5 Ra3+ 51. Kb6 Kxb4 52. Kc6 Rd3
53. Kb6 a5 54. Kc7 a4 55. Kb7 a3 56. Kc6 a2 57. Kb6 a1=Q 58. Kc6 Qe5 59. Kb7 Rd7+
60. Kc6 Qc7# 0-1

[Event "XXV OOM - Mistrzostwa Polski Juniorow Mlodszych - Chlopcy do lat 12"]
[Site "Sielpia"]
[Date "1899-12-30"]
[Round "8.24"]
[White "Paszkowski, Krystian"]
[Black "Krasniewski, Maciej"]
[Result "1-0"]
[WhiteTitle "I"]
[BlackTitle "I"]
[WhiteElo "1727"]
[BlackElo "1537"]

1. c4 Nf6 2. g3 g6 3. Bg2 Bg7 4. Nc3 O-O 5. e4 d6 6. Nge2 e5 7. O-O Nc6 8. d3 Ne8
9. Be3 f5 10. exf5 Bxf5 11. a3 a5 12. d4 Qd7 13. d5 Ne7 14. c5 Nf6 15. cxd6 cxd6
16. Qd2 Bh3 17. a4 Bxg2 18. Kxg2 Nf5 19. h3 h5 20. Bg5 b6 21. Rab1 Rac8 22. Qd3
Nh7 23. Be3 Nxe3+ 24. Qxe3 Rc5 25. b4 axb4 26. Rxb4 Qd8 27. Ne4 Ra5 28. Rxb6 Rxa4
29. Rxd6 Qe7 30. Rxg6 Qf7 31. Re6 Qf5 32. N2c3 Ra3 33. Rd1 Rc8 34. Nd6 1-0

[Event "XXV OOM - Mistrzostwa Polski Juniorow Mlodszych - Chlopcy do lat 12"]
[Site "Sielpia"]
[Date "1899-12-30"]
[Round "8.25"]
[White "Baszczynski, Gabriel"]
[Black "Zalega, Maciej"]
[Result "0-1"]
[WhiteTitle "II+"]
[BlackTitle "II+"]
[WhiteElo "1501"]
[BlackElo "1538"]

1. d4 Nf6 2. c4 g6 3. Nf3 Bg7 4. e3 d6 5. Be2 O-O 6. O-O Nbd7 7. b4 e5 8. Bb2 e4
9. Nfd2 Re8 10. Nc3 Nf8 11. a4 h5 12. Qc2 Bf5 13. c5 N8h7 14. Ba3 Ng5 15. Nc4
d5 16. Na5 Qc8 17. b5 h4 18. Qd1 h3 19. g3 Bg4 20. Bxg4 Nxg4 21. Nxd5 Nf3+ 22.
Kh1 Nfxh2 23. Qe2 Nxf1 24. Rxf1 Nf6 25. Nxf6+ Bxf6 26. f4 a6 27. Nc4 axb5 28.
axb5 Qe6 29. g4 Ra4 30. Rc1 Rea8 31. Bb2 Rb4 32. b6 c6 33. Rc2 Raa4 34. Nd6 Ra2
35. Bc3 Rb1+ 36. Kh2 Rxc2 37. Qxc2 Qxg4 38. Nxb7 Qg1+ 39. Kxh3 Qh1+ 0-1

[Event "XXV OOM - Mistrzostwa Polski Juniorow Mlodszych - Chlopcy do lat 12"]
[Site "Sielpia"]
[Date "1899-12-30"]
[Round "8.26"]
[White "Adamala, Jacek"]
[Black "Iwaszkiewicz, Grzegorz"]
[Result "0-1"]
[WhiteTitle "II"]
[BlackTitle "II"]
[WhiteElo "1317"]
[BlackElo "1403"]

1. e4 c5 2. Nf3 e6 3. d4 cxd4 4. Nxd4 Nf6 5. Nc3 Nc6 6. a3 Bc5 7. Be3 Qb6 8. Na4
Qa5+ 9. c3 Bxd4 10. Bxd4 e5 11. b4 Qc7 12. Be3 d6 13. Bd3 d5 14. exd5 Nxd5 15.
O-O Nxe3 16. fxe3 O-O 17. Nc5 Qe7 18. Qh5 g6 19. Qf3 a6 20. Bc4 Bf5 21. e4 Bc8
22. Rf2 b6 23. Bd5 bxc5 24. Bxc6 Ra7 25. Raf1 Be6 26. Qf6 Qxf6 27. Rxf6 cxb4 28.
axb4 Rc8 29. Bd5 Bxd5 30. exd5 Rxc3 31. Re1 Kg7 32. Rc6 Rxc6 33. dxc6 Kf6 34.
Ra1 Ke6 35. b5 Kd6 36. b6 Ra8 37. b7 Rb8 38. Rxa6 f5 39. Ra8 Kc7 40. Rxb8 Kxb8
41. Kf2 e4 42. Ke3 h5 43. h4 Kc7 44. Kd4 Kb8 45. Kc5 Kc7 46. Kb5 e3 47. Ka6 e2
48. Ka7 e1=Q 49. b8=Q+ Kxc6 50. Qb7+ Kd6 51. Qb6+ Ke5 52. Qc5+ Kf4 53. Qd4+ Kg3
54. Qd6+ Kxh4 55. Qf6+ g5 56. Qd4+ f4 57. Qd7 Qf2+ 58. Ka6 Qxg2 59. Qd1 f3 60.
Qd4+ g4 0-1

[Event "XXV OOM - Mistrzostwa Polski Juniorow Mlodszych - Chlopcy do lat 12"]
[Site "Sielpia"]
[Date "1899-12-30"]
[Round "9.1"]
[White "Trzebinski, Patryk"]
[Black "Fiszer, Bartosz"]
[Result "0-1"]
[WhiteTitle "I"]
[BlackTitle "CM"]
[WhiteElo "1793"]
[BlackElo "2119"]

1. e4 c5 2. Nf3 Nc6 3. d4 cxd4 4. Nxd4 Nf6 5. Nc3 d6 6. Be2 g6 7. O-O Bg7 8. Nb3
O-O 9. Be3 Be6 10. f4 Qc8 11. h3 Rd8 12. Bf3 Bc4 13. Rf2 e5 14. Rd2 Qc7 15. Be2
b5 16. a4 exf4 17. Bxf4 b4 18. Nd5 Bxd5 19. exd5 Na5 20. Nxa5 Qxa5 21. Bg5 Ne4
22. Bxd8 Qc5+ 23. Rd4 Bxd4+ 24. Kh2 Be5+ 25. Kh1 Nf2+ 26. Kg1 Nxd1+ 27. Kh1 Nf2+
28. Kg1 Nxh3+ 29. Kh1 Qg1+ 30. Rxg1 Nf2# 0-1

[Event "XXV OOM - Mistrzostwa Polski Juniorow Mlodszych - Chlopcy do lat 12"]
[Site "Sielpia"]
[Date "1899-12-30"]
[Round "9.2"]
[White "Seemann, Jakub"]
[Black "Wiatrowski, Zbigniew"]
[Result "1-0"]
[WhiteTitle "I"]
[BlackTitle "I"]
[WhiteElo "2012"]
[BlackElo "1597"]

1. e4 e5 2. Nf3 Nc6 3. Bb5 a6 4. Ba4 Nf6 5. O-O Be7 6. Re1 b5 7. Bb3 d6 8. c3 Bg4
9. d3 O-O 10. Nbd2 Na5 11. Bc2 c5 12. Nf1 Nc6 13. h3 Be6 14. Ng3 Nd7 15. Be3 Nb6
16. d4 cxd4 17. cxd4 exd4 18. Nxd4 Nxd4 19. Bxd4 Nc4 20. Nh5 g6 21. Nf4 Bf6 22.
b3 Ne5 23. Nxe6 fxe6 24. f4 Nc6 25. Bxf6 Qxf6 26. Qxd6 Nd4 27. Rac1 Rad8 28. Qe5
Qxf4 29. Qxf4 Rxf4 30. e5 Rf7 31. Be4 Rfd7 32. b4 Ra7 33. Rc3 Rdd7 34. Rd3 Nf5
35. Red1 Rdc7 36. g4 Ne7 37. Rd6 Rc4 38. Bg2 Rxb4 39. Rxe6 Rb2 40. Rf6 Rxa2 41.
e6 Rc2 42. Rd8+ Kg7 43. Rf7+ Kh6 44. Rd7 Rxd7 45. exd7 Rxg2+ 46. Kxg2 Nc6 47.
Rf8 b4 48. Rc8 b3 49. Rxc6 b2 50. d8=Q b1=Q 51. Qh4+ 1-0

[Event "XXV OOM - Mistrzostwa Polski Juniorow Mlodszych - Chlopcy do lat 12"]
[Site "Sielpia"]
[Date "1899-12-30"]
[Round "9.3"]
[White "Meers, Hubert"]
[Black "Madej, Marek"]
[Result "1-0"]
[WhiteTitle "I++"]
[BlackTitle "I"]
[WhiteElo "2022"]
[BlackElo "1847"]

1. e4 e5 2. Nf3 Nc6 3. Bb5 g6 4. d4 exd4 5. Bg5 Be7 6. Bxe7 Qxe7 7. Bxc6 dxc6 8.
Qxd4 Nf6 9. O-O O-O 10. Nc3 Be6 11. e5 Nd5 12. Ne4 Bf5 13. Nf6+ Nxf6 14. exf6
Qe4 15. Qd2 Qe6 16. Qg5 Rad8 17. Rfe1 Qd6 18. Rad1 h6 19. Qh4 Rfe8 20. Rxe8+ Rxe8
21. Rxd6 cxd6 22. Qxh6 1-0

[Event "XXV OOM - Mistrzostwa Polski Juniorow Mlodszych - Chlopcy do lat 12"]
[Site "Sielpia"]
[Date "1899-12-30"]
[Round "9.4"]
[White "Kejna, Piotr"]
[Black "Krawczyk, Flawian"]
[Result "0-1"]
[WhiteTitle "CM"]
[BlackTitle "II"]
[WhiteElo "1787"]
[BlackElo "1800"]

1. e4 c5 2. Nf3 d6 3. d4 cxd4 4. Nxd4 Nf6 5. Nc3 a6 6. Bc4 e6 7. Bb3 b5 8. Bg5
Be7 9. Qf3 Qc7 10. O-O-O Nbd7 11. Bxe6 Ne5 12. Bxf6 Nxf3 13. Nd5 Qc5 14. b4 Qc4
15. Bxe7 Bxe6 16. Nb6 Qxa2 17. Nxf3 Kxe7 18. Nxa8 Rc8 19. Ne1 Rxa8 0-1

[Event "XXV OOM - Mistrzostwa Polski Juniorow Mlodszych - Chlopcy do lat 12"]
[Site "Sielpia"]
[Date "1899-12-30"]
[Round "9.5"]
[White "Karwacki, Piotr"]
[Black "Klimkowski, Jan"]
[Result "0-1"]
[WhiteTitle "I"]
[BlackTitle "I"]
[WhiteElo "1813"]
[BlackElo "2024"]

1. e4 c5 2. Nf3 d6 3. d4 cxd4 4. Nxd4 Nf6 5. Nc3 a6 6. Be3 e5 7. Nb3 Be6 8. f3
Nbd7 9. Qd2 h5 10. O-O-O Rc8 11. h3 b5 12. Kb1 Nb6 13. Qf2 Nfd7 14. f4 Qc7 15.
g3 Be7 16. Rh2 O-O 17. g4 Nc4 18. f5 Nxe3 19. Qxe3 Bc4 20. g5 Bd8 21. Nd5 Bxd5
22. exd5 Qb6 23. Qf3 Bxg5 24. Qxh5 Bh6 25. Rg2 Kh7 26. f6 Nxf6 27. Qh4 Qe3 28.
Bd3+ e4 29. Re1 Qf4 30. Qxf4 Bxf4 31. Bxe4+ Nxe4 32. Rxe4 Be5 33. Rh4+ Kg8 34.
Na5 Rce8 35. c3 f5 36. Nc6 Kf7 37. Kc2 Rh8 38. Rb4 Rxh3 39. a4 f4 40. axb5 axb5
41. Rxb5 f3 42. Rf2 g5 43. Rb4 Kf6 44. Kd3 Kf5 45. Re4 g4 46. b4 Kg5 47. Re1 Kf4
48. b5 g3 49. Re4+ Kg5 50. Rxf3 g2 51. Rxh3 g1=Q 52. Kc4 Qf1+ 53. Rd3 Qa1 54.
Nxe5 Qa4# 0-1

[Event "XXV OOM - Mistrzostwa Polski Juniorow Mlodszych - Chlopcy do lat 12"]
[Site "Sielpia"]
[Date "1899-12-30"]
[Round "9.6"]
[White "Karp, Kacper"]
[Black "Jaworski, Tymon"]
[Result "1-0"]
[WhiteTitle "II+"]
[BlackTitle "II+"]
[WhiteElo "1571"]
[BlackElo "1498"]

1. e4 e5 2. Nc3 Nf6 3. Nf3 d6 4. d4 exd4 5. Nxd4 Be7 6. f3 O-O 7. Be3 Re8 8. Qd2
Bf8 9. O-O-O Bd7 10. g4 Nc6 11. h4 Ne5 12. Be2 h5 13. gxh5 Nxh5 14. Rdg1 c5 15.
Nb3 Nf6 16. h5 Be6 17. Bh6 Kh7 18. Bg5 Be7 19. f4 Nc4 20. Bxc4 Bxc4 21. Qg2 Rg8
22. e5 dxe5 23. Bxf6 Bxb3 24. Bxe7 Qxe7 25. axb3 exf4 26. Re1 Qc7 27. Qe4+ Kh8
28. h6 g5 29. h7 Rgf8 30. Nd5 Qd6 31. Qe5+ Qxe5 32. Rxe5 g4 33. Nxf4 Rae8 34.
Rxc5 Re4 35. Nh5 f5 36. Ng3 Rf4 37. Rh5 Rf3 38. Rcxf5 R8xf5 39. Nxf5 g3 40. Nh4
Rf1+ 41. Kd2 Rf2+ 42. Ke3 Rf6 43. Kd4 Rf4+ 44. Ke3 Rg4 45. Kf3 Rg7 46. c3 b6 47.
c4 a5 48. Kg2 Rg4 49. Rh6 Rg7 50. Ng6+ Rxg6 51. Rxg6 Kxh7 52. Rxb6 Kg7 53. c5
Kf7 54. Rd6 Ke7 55. Rd1 a4 56. bxa4 Ke6 57. c6 Ke7 58. c7 Kf6 59. c8=Q Ke7 60.
Qd7+ Kf6 61. Rd6+ Ke5 62. Qe7+ Kf4 63. Rf6+ Kg5 64. Qg7+ Kh5 65. Rh6# 1-0

[Event "XXV OOM - Mistrzostwa Polski Juniorow Mlodszych - Chlopcy do lat 12"]
[Site "Sielpia"]
[Date "1899-12-30"]
[Round "9.7"]
[White "Grot, Blazej"]
[Black "Kutowski, Marcel"]
[Result "1/2-1/2"]
[WhiteTitle "CM"]
[BlackTitle "I"]
[WhiteElo "1604"]
[BlackElo "1604"]

1. e4 d5 2. exd5 Qxd5 3. Nc3 Qa5 4. d4 Nf6 5. Nf3 c6 6. Bd2 Bf5 7. Ne4 Qc7 8. Nxf6+
exf6 9. g3 Bd6 10. Bg2 O-O 11. O-O Nd7 12. Re1 Rfe8 13. Rxe8+ Rxe8 14. c4 c5 15.
Bc3 b6 16. Qd2 Nf8 17. Nh4 Bc8 18. d5 Qe7 19. Bf3 Ng6 20. Ng2 Ne5 21. Bxe5 fxe5
22. Re1 f5 23. Bd1 Qf7 24. Ba4 Re7 25. Qg5 h6 26. Qd2 f4 27. Bc2 Bf5 28. Nh4 e4
29. Nxf5 Qxf5 30. Qe2 Qf6 31. Bxe4 fxg3 32. hxg3 Qg5 33. Kg2 h5 34. Qe3 Qxe3 35.
Rxe3 g5 36. Bg6 Rxe3 37. fxe3 h4 38. gxh4 gxh4 39. Kh3 Kg7 40. Bf5 Bg3 41. e4
Kf6 42. Bh7 Ke5 43. Bg6 Kd6 44. Bf5 Ke5 45. Kg4 Kd6 46. Kh5 Ke5 47. Kg6 Kd6 48.
Kf7 Be5 49. Ke8 Bf6 50. b3 Bg5 51. Kf7 Bf4 52. Kf6 Be5+ 53. Kg6 Ke7 54. Kh5 Bf6
55. Kg4 Kd6 56. Kh5 Ke7 57. Kg4 Kd6 58. Kf4 Be5+ 59. Kg5 Bg3 60. Kf6 Be5+ 61.
Kf7 Bf4 62. a3 Be5 63. a4 Bd4 64. a5 bxa5 65. Kg6 Ke7 66. Kg5 Bf6+ 67. Kf4 Kd6
68. Kf3 Ke5 69. Ke3 Bg5+ 70. Kd3 Bf4 71. Kc3 Bg5 72. Kb2 a4 73. bxa4 a5 74. Kc3
Kd6 1/2-1/2

[Event "XXV OOM - Mistrzostwa Polski Juniorow Mlodszych - Chlopcy do lat 12"]
[Site "Sielpia"]
[Date "1899-12-30"]
[Round "9.8"]
[White "Herwy, Jakub"]
[Black "Grzadka, Artur"]
[Result "1-0"]
[WhiteTitle "I+"]
[BlackTitle "I"]
[WhiteElo "1713"]
[BlackElo "1585"]

1. e4 c5 2. c4 Nc6 3. Nc3 g6 4. g3 a6 5. d3 Bg7 6. Bg2 b5 7. Nge2 b4 8. Nd5 e6
9. Ne3 Nge7 10. O-O O-O 11. f4 Nd4 12. Nc2 Nxc2 13. Qxc2 Bb7 14. Be3 Qb6 15. Rad1
Rfd8 16. d4 d6 17. d5 exd5 18. cxd5 Rac8 19. f5 gxf5 20. Bh3 Bd4 21. Qd2 Bxe3+
22. Qxe3 f6 23. Bxf5 Nxf5 24. Rxf5 Rf8 25. Rdf1 Rce8 26. Nf4 Qd8 27. Ne6 Rxe6
28. dxe6 Qe7 29. Qh6 Bxe4 30. Rxf6 Rxf6 31. Rxf6 Bg6 32. Qg5 c4 33. Rxg6+ 1-0

[Event "XXV OOM - Mistrzostwa Polski Juniorow Mlodszych - Chlopcy do lat 12"]
[Site "Sielpia"]
[Date "1899-12-30"]
[Round "9.9"]
[White "Starosciak, Szymon"]
[Black "Klim, Filip"]
[Result "1/2-1/2"]
[WhiteTitle "II+"]
[BlackTitle "I"]
[WhiteElo "1661"]
[BlackElo "1543"]

1. e4 e5 2. Nf3 Nc6 3. Bb5 a6 4. Ba4 Nf6 5. O-O b5 6. Bb3 Bc5 7. Re1 O-O 8. c3
d6 9. d4 Bb6 10. a4 Bg4 11. d5 Ne7 12. Nbd2 Ng6 13. h3 Bd7 14. Nf1 h6 15. Ng3
Qc8 16. axb5 axb5 17. Rxa8 Qxa8 18. Nh2 Qc8 19. Nh5 Nxh5 20. Qxh5 Kh7 21. g4 Nf4
22. Bxf4 exf4 23. Nf3 g6 24. Qh4 f6 25. g5 fxg5 26. Nxg5+ Kg7 27. Ne6+ Bxe6 28.
dxe6 g5 29. Qh5 Qe8 30. Qxe8 Rxe8 31. Kg2 c6 1/2-1/2

[Event "XXV OOM - Mistrzostwa Polski Juniorow Mlodszych - Chlopcy do lat 12"]
[Site "Sielpia"]
[Date "1899-12-30"]
[Round "9.10"]
[White "Musial, Igor"]
[Black "Malek, Jan"]
[Result "1/2-1/2"]
[WhiteTitle "I"]
[BlackTitle "II"]
[WhiteElo "1602"]
[BlackElo "1502"]

1. e4 d6 2. d4 Nf6 3. Nc3 e5 4. Nf3 Nbd7 5. Bc4 Be7 6. O-O O-O 7. h3 c6 8. a4 Qc7
9. Be3 h6 10. Re1 Re8 11. Qd3 exd4 12. Bxd4 Ne5 13. Nxe5 dxe5 14. Be3 Bd7 15.
Rad1 a6 16. f3 b5 17. axb5 axb5 18. Bb3 Red8 19. Qe2 b4 20. Nb1 c5 21. Nd2 Nh5
22. Bd5 Ra7 23. Qc4 Be8 24. Nb3 Rc8 25. Ra1 Rxa1 26. Rxa1 Nf6 27. Ra5 Nd7 28.
Qe2 Bd6 29. Kh1 Qd8 30. Ra1 Nb6 31. Rd1 Na4 32. Rd2 Qb6 33. Qd3 Be7 34. c3 bxc3
35. bxc3 Rd8 36. c4 Rb8 37. Nc1 Qb1 38. Ra2 Qxd3 39. Nxd3 Rb3 40. Nxc5 Rb1+ 41.
Kh2 Bxc5 42. Bxc5 Nxc5 43. Ra8 Kf8 44. Bc6 Ke7 45. Rxe8+ Kf6 46. Bd5 Nd3 47. Rf8
Nf4 48. Rxf7+ Kg6 49. Rb7 Rc1 50. Rb2 h5 51. h4 Rc3 52. Kg1 Kf6 53. Rb6+ Ke7 54.
Rb7+ Kf6 55. Rb1 Rc2 56. Rb6+ Ke7 57. Rb7+ Kf6 58. Rf7+ Kg6 59. Rf5 Rxg2+ 60.
Kh1 Rb2 61. c5 Rb1+ 62. Kh2 Rb2+ 63. Kh1 1/2-1/2

[Event "XXV OOM - Mistrzostwa Polski Juniorow Mlodszych - Chlopcy do lat 12"]
[Site "Sielpia"]
[Date "1899-12-30"]
[Round "9.11"]
[White "Janeczko, Jakub"]
[Black "Borowik, Wojciech"]
[Result "1-0"]
[WhiteTitle "I"]
[BlackTitle "I"]
[WhiteElo "1544"]
[BlackElo "1556"]

1. e4 c5 2. Nf3 d6 3. d4 cxd4 4. Nxd4 Nf6 5. Nc3 a6 6. Bg5 e6 7. f4 Nbd7 8. Qf3
Qc7 9. O-O-O Be7 10. g4 b5 11. Bxf6 Nxf6 12. g5 Nd7 13. a3 Bb7 14. h4 Rc8 15.
Bh3 Nc5 16. Kb1 O-O 17. h5 f5 18. gxf6 Rxf6 19. Rh2 Rcf8 20. f5 d5 21. Rg2 dxe4
22. Qg4 Bd8 23. Rdg1 R6f7 24. fxe6 Rf1+ 25. Rxf1 Rxf1+ 26. Nd1 Bf6 27. Qe2 Rh1
28. Nf5 Rxh3 29. e7 Qe5 30. Nh6+ Kh8 31. Nf7+ Kg8 32. Nxe5 Bxe7 33. Qg4 Bf6 34.
Qxh3 Bxe5 35. Qf5 Bd6 36. b4 e3 37. bxc5 Bxg2 38. cxd6 e2 39. Qe6+ Kf8 40. Qe7+
Kg8 41. Qe8# 1-0

[Event "XXV OOM - Mistrzostwa Polski Juniorow Mlodszych - Chlopcy do lat 12"]
[Site "Sielpia"]
[Date "1899-12-30"]
[Round "9.12"]
[White "Dziewonski, Dariusz"]
[Black "Rog, Bartlomiej"]
[Result "1-0"]
[WhiteTitle "I"]
[BlackTitle "I"]
[WhiteElo "1817"]
[BlackElo "1491"]

1. c4 f5 2. g3 g6 3. Bg2 Bg7 4. Nc3 Nf6 5. e3 e5 6. d4 d6 7. b3 O-O 8. dxe5 dxe5
9. Ba3 Qxd1+ 10. Rxd1 Re8 11. Nd5 Na6 12. Ne7+ Rxe7 13. Bxe7 Kf7 14. Ba3 c6 15.
Ne2 Be6 16. O-O h5 17. h4 Ng4 18. e4 Bf6 19. Rd3 g5 20. hxg5 Bxg5 21. f4 Bd8 22.
c5 b6 23. exf5 Bxf5 24. fxe5 Kg6 25. Rd6+ 1-0